000 00241nam a2200097Ia 4500
008 170619s9999 xx 000 0 und d
100 _aDavid- Fred R
245 0 _aStrategic management concept and cases
260 _bNew Delhi P H I
260 _c2006
546 _aENGLISH
999 _c22183
_d22183